National petroleum bibliography.

Bibliographic Details
New Title:Petroleum literature index
Other Authors: Stevens, Curtis
Format: Journal
Language:English
Published: [Amarillo, Tex.] [publisher not identified] ;
Subjects:

MARC

Tag First Indicator Second Indicator Subfields
LEADER 00000cas a2200000 4500
001 in00000710113
005 20151016064832.0
008 760620d19571960txubr p b 0uuua0enge
010 |a  58004791  
035 |a (OCoLC)02264710 
035 |9 ADD9829AM 
040 |a DLC  |c PIT  |d PIT  |d TXA  |d UtOrBLW 
049 |a TXAE 
050 0 0 |a Z6972  |b .N25 
082 0 |a 016.55328 
245 0 0 |a National petroleum bibliography. 
264 1 |a [Amarillo, Tex.]  |b [publisher not identified] ; 
300 |a 3 volumes ;  |c 22 cm. 
336 |a text  |b txt  |2 rdacontent 
337 |a unmediated  |b n  |2 rdamedia 
338 |a volume  |b nc  |2 rdacarrier 
362 0 |a v. 1-3, no. 1; Jan. 1957-1960. 
515 |a Vol. 1, no. 1 preceded by a number issued in 1956 called "advanced edition." 
500 |a Editor: Jan. 1957- C. Stevens. 
650 0 |a Petroleum  |v Bibliography  |x Periodicals. 
700 1 |a Stevens, Curtis. 
785 0 0 |t Petroleum literature index 
999 |a MARS 
999 f f |s 5ce8276a-aa33-3718-b6c7-2f4a400d948f  |i f0ba5f89-7a41-3066-bcef-a429d4738625  |t 0 
952 f f |p ric  |a Texas A&M University  |b Rellis Campus  |c Joint Library Facility  |d Remote Storage  |t 0  |e Z6972 .N25  |h Library of Congress classification  |i unmediated -- volume  |k v.2:no.4-6,v.3:no.1  |l 1958:July-Nov.,1960  |m A14842210982 
952 f f |p ric  |a Texas A&M University  |b Rellis Campus  |c Joint Library Facility  |d Remote Storage  |t 0  |e Z6972 .N25  |h Library of Congress classification  |i unmediated -- volume  |k v.1:no.1-3  |l 1957:Jan.-May  |m A14842211014 
952 f f |p ric  |a Texas A&M University  |b Rellis Campus  |c Joint Library Facility  |d Remote Storage  |t 0  |e Z6972 .N25  |h Library of Congress classification  |i unmediated -- volume  |k v.1:no.4-6  |l 1957:July-Nov.  |m A14842211006 
952 f f |p ric  |a Texas A&M University  |b Rellis Campus  |c Joint Library Facility  |d Remote Storage  |t 0  |e Z6972 .N25  |h Library of Congress classification  |i unmediated -- volume  |k v.2:no.1-3  |l 1958:Jan.-May  |m A14842210990 
998 f f |a Z6972 .N25  |s v.3:no.1 (1960)  |t 0  |l Remote Storage